01226cas a22003497a 450000500170000000800410001701000100005801100100006802200140007803500100009224501180010226000940022030000070031431000150032136200200033659000410035659000410039759000410043859000420047965000480052165000540056986600390062386600290066286600210069186600340071286600280074686600200077486600350079490100070082990500230083699900170085920220329142019.0990219u1959 mx qr p rnn 0 0b1spa d a77081 a78053 a0515-3085 a8786100aActa Politécnica Mexicana :bSegunda Epocac/por Instituto Politécnico Nacional. Escuela Superior de Medicina0 aMéxico, D. F. :bInstituto Politécnico Nacional. Escuela Superior de Medicina,c1959- av. aTrimestral1 av.16 n.71, 1975 aBATCH-UPDb10c20130110lUCH01h1426 aBATCH-UPDb10c20130410lUCH01h0905 aBATCH-UPDb10c20130914lUCH01h0934 aCONVERSIONb10c20130109lUCH01h134214aCienciaxPublicaciones periódicas.92313314aTecnologíaxPublicaciones periódicas.9111954 av.14 n.63 -v.16 n.74 - (1973-1975) av.2 n.10-v.3 n.14 (1961) av.2 n.7-8 (1960) av.3 n.18-v.4 n.23 (1962-1963) av.5 n.25-28 (1963-1964) av.8 n.40 (1967) av.9 n.45-v.13 n.61 (1967-1972) aSE aLilia Sánchez G. c77081d77081